| LEADER |
00889nam0a2200193 450 |
| 001 |
16847840 |
| 010 |
|
|
|a 978-2-501-07013-3
|b Br.
|d 15
|
| 100 |
|
|
|a 20110201d2011 u u0frey01 ba
|
| 101 |
0 |
|
|a fre
|
| 102 |
|
|
|a BE
|
| 200 |
0 |
|
|a Votre grossesse au naturel
|e vivre la maternité en douceur pour vous, pour votre bébé et pour l'environnement
|f Claire Gillman
|g préface Annie Francis
|
| 207 |
|
1 |
|a
|
| 215 |
|
|
|a 1 vol. (159 p.)
|c illustrations en couleur
|d 23 x 19 cm
|
| 330 |
|
|
|a Des méthodes et des conseils pour aborder sa grossesse sainement, du suivi médical à l'accouchement en passant par l'alimentation et la préparation de l'arrivée de l'enfant.
|
| 700 |
|
0 |
|a Gillman
|b Claire
|4 70
|
| 702 |
|
0 |
|a Francis
|b Annie
|4 80
|
| 900 |
|
|
|a Documentaire
|
| 901 |
|
|
|a Accessible au prêt
|
| 995 |
|
|
|a Bibliothèque
|c Bibliothèque
|f 00156008155277
|h 00156008155277
|k 618.2 GIL
|o p
|q a
|r az
|e Bibliothèque
|